| 000 | 01933cam a22004574i 4500 | ||
|---|---|---|---|
| 003 | PE-LiUPU | ||
| 005 | 20250731172932.0 | ||
| 008 | 150623s r 000 0 d | ||
| 035 | _a(Sirsi) a20463 | ||
| 040 |
_aPE-LiUPU _bspa _cPE-LiUPU _erda |
||
| 082 | 0 | 4 |
_a232.96 _bC88 _221 |
| 100 | 1 |
_aCruzado Balcazar, Alejandro, _eautor. |
|
| 245 | 1 | 3 |
_aEl proceso de Jesús : _bel holocausto mesiánico visto por un abogado / _cAlejandro Cruzado Balcázar. |
| 264 | 1 |
_aTrujillo, Perú : _bEditorial Libertad, _c1997. |
|
| 300 |
_a252 páginas ; _c23 cm. |
||
| 336 |
_atext _2rdacontent |
||
| 337 |
_aunmediated _2rdamedia |
||
| 338 |
_avolume _2rdacarrier |
||
| 504 | _aIncluye bibliografía. | ||
| 505 | 0 | _aEl cristianismo. -Deasarrollo histórico del pensamiento d Jesucristo. -Jesucristo. -Prolegómenos al proceso de Jesucristo. -El proceso. -Penad de muerte por crucifixión. -Cronología del suplicio y del proceso. -Soteriología. | |
| 526 | _aSEG42 | ||
| 526 | _aSEG41 | ||
| 526 | _aSEG40 | ||
| 526 | _aSEG39 | ||
| 526 | _aP94 | ||
| 526 | _aP87 | ||
| 526 | _aP86 | ||
| 526 | _aP85 | ||
| 526 | _aP77 | ||
| 526 | _aP76 | ||
| 526 | _aP35 | ||
| 600 | 1 |
_aJesucristo _xProceso _vAspectos jurídicos |
|
| 942 |
_2ddc _cBOOK |
||
| 949 |
_a232.96 C88 _wDEWEY _c1 _i43949 _lCCODEBUL1 _mBUL _p00.00 _r0 _sY _tBOOK _u2015-06-24 _xTEOLOGIA _PP35 _0COMPRA _o.STAFF. Colección General |
||
| 949 |
_a232.96 C88 _wDEWEY _c2 _i43950 _lCCODEBUL1 _mBUL _p00.00 _r0 _sY _tBOOK _u2015-06-24 _xTEOLOGIA _PP35 _0COMPRA _o.STAFF. Colección General |
||
| 596 | _a1 | ||
| 999 |
_a232.96 C88 _wDEWEY _c20827 _i43949 _f2021-11-10 _g5 _lCCODEBUL1 _mBUL _r0 _sY _tBOOK _u2015-6-24 _xTEOLOGIA _PP35 _0COMPRA _o.STAFF. Colección General _d20827 |
||
| 999 |
_a232.96 C88 _wDEWEY _c2 _i43950 _f2021-11-10 _g5 _lCCODEBUL1 _mBUL _r0 _sY _tBOOK _u2015-6-24 _xTEOLOGIA _PP35 _0COMPRA _o.STAFF. Colección General |
||
| 980 |
_81 _gALBERTO SANCHEZ Responsable de Automatización |
||